South Eastern Kenya University

Library Online Public Access Catalogue


Rocking the babies / (Record no. 13756)

MARC details
000 -LEADER
fixed length control field 00784pam a2200289 a 4500
001 - CONTROL NUMBER
control field 1123523
003 - CONTROL NUMBER IDENTIFIER
control field OSt
005 - DATE AND TIME OF LATEST TRANSACTION
control field 20160511123438.0
008 - FIXED-LENGTH DATA ELEMENTS--GENERAL INFORMATION
fixed length control field 940301s1994 nyu 000 1 eng
010 ## - LIBRARY OF CONGRESS CONTROL NUMBER
LC control number 94008795
020 ## - INTERNATIONAL STANDARD BOOK NUMBER
International Standard Book Number 0670852635 :
040 ## - CATALOGING SOURCE
Original cataloging agency SEKU
043 ## - GEOGRAPHIC AREA CODE
Geographic area code n-us-oh
050 00 - LIBRARY OF CONGRESS CALL NUMBER
Classification number PS 3568
Item number .R3
082 00 - DEWEY DECIMAL CLASSIFICATION NUMBER
Classification number 813/.54
Edition number 20
100 1# - MAIN ENTRY--PERSONAL NAME
Personal name Raymond, Linda.
245 10 - TITLE STATEMENT
Title Rocking the babies /
Statement of responsibility, etc. Linda Raymond.
260 ## - PUBLICATION, DISTRIBUTION, ETC. (IMPRINT)
Place of publication, distribution, etc. New York :
Name of publisher, distributor, etc. Viking,
Date of publication, distribution, etc. 1994.
300 ## - PHYSICAL DESCRIPTION
Extent 260 p. ;
Dimensions 22 cm.
650 #0 - SUBJECT ADDED ENTRY--TOPICAL TERM
Topical term or geographic name as entry element Volunteer workers in hospitals
Form subdivision Fiction.
650 #0 - SUBJECT ADDED ENTRY--TOPICAL TERM
Topical term or geographic name as entry element African American women
Form subdivision Fiction.
650 #0 - SUBJECT ADDED ENTRY--TOPICAL TERM
Topical term or geographic name as entry element Premature infants
Form subdivision Fiction.
650 #0 - SUBJECT ADDED ENTRY--TOPICAL TERM
Topical term or geographic name as entry element Middle-aged women
Form subdivision Fiction.
651 #0 - SUBJECT ADDED ENTRY--GEOGRAPHIC NAME
Geographic name Ohio
Form subdivision Fiction.
655 #7 - INDEX TERM--GENRE/FORM
Genre/form data or focus term Domestic fiction.
Source of term lcsh
942 ## - ADDED ENTRY ELEMENTS (KOHA)
Source of classification or shelving scheme Library of Congress Classification
Koha item type General circulation
Holdings
Withdrawn status Lost status Source of classification or shelving scheme Damaged status Not for loan Home library Current library Shelving location Date acquired Source of acquisition Total Checkouts Full call number Barcode Date last seen Price effective from Koha item type Public note
    Library of Congress Classification     Main Campus Library Main Campus Library General Stacks 11/05/2016 Donation- Books for Africa   PS 3568 .R3 2016/017907 11/05/2016 11/05/2016 General circulation stv
Kitui, Kenya.
+254736116989
library@seku.ac.ke